LEADER 02098nam 2200625 450 001 9910451560603321 005 20211005022939.0 010 $a1-4081-3635-X 010 $a1-280-22586-6 010 $a9786610225866 010 $a1-4081-0209-9 035 $a(CKB)1000000000482947 035 $a(EBL)320217 035 $a(OCoLC)233538568 035 $a(SSID)ssj0000082111 035 $a(PQKBManifestationID)11119728 035 $a(PQKBTitleCode)TC0000082111 035 $a(PQKBWorkID)10135220 035 $a(PQKB)10360678 035 $a(MiAaPQ)EBC320217 035 $a(Au-PeEL)EBL320217 035 $a(CaPaEBR)ebr10908905 035 $a(CaONFJC)MIL22586 035 $a(OCoLC)935264983 035 $a(MiAaPQ)EBC3003477 035 $a(Au-PeEL)EBL3003477 035 $a(OCoLC)928191964 035 $a(EXLCZ)991000000000482947 100 $a20140826d2004 uy| 0 101 0 $aeng 135 $aur|n|---||||| 181 $ctxt 182 $cc 183 $acr 200 00$aDictionary of medical terms 205 $aFourth edition. 210 1$aLondon :$cA & C Black,$d2004. 215 $a1 online resource (481 p.) 300 $aDescription based upon print version of record. 311 $a1-84972-355-9 311 $a0-7136-7603-5 327 $aCover; Titlepage; Copyright; Preface; Pronunciation Guide; The Dictionary; A; B; C; D; E; F; G; H; I; J; K; L; M; N; O; P; Q; R; S; T; U; V; W; X; Y; Z; Supplement 330 $aThis medical dictionary has over 12,500 terms from British and international medical practice explained in clear English. It covers fields such as surgery, general practice, hospitals, clinics, nursing, pharmacy, dentistry and other specialisms, and has example sentences and grammar notes. 606 $aMedicine$vDictionaries 608 $aElectronic books. 615 0$aMedicine 676 $a610.14 712 02$aA&C Black 801 0$bMiAaPQ 801 1$bMiAaPQ 801 2$bMiAaPQ 906 $aBOOK 912 $a9910451560603321 996 $aDictionary of medical terms$92475866 997 $aUNINA LEADER 02798nam 2200637Ia 450 001 9910454553803321 005 20200520144314.0 010 $a1-317-09040-3 010 $a1-317-09039-X 010 $a1-281-96871-4 010 $a9786611968717 010 $a0-7546-8072-X 035 $a(CKB)1000000000707580 035 $a(EBL)438569 035 $a(OCoLC)322495760 035 $a(SSID)ssj0000208159 035 $a(PQKBManifestationID)11169027 035 $a(PQKBTitleCode)TC0000208159 035 $a(PQKBWorkID)10238654 035 $a(PQKB)10408490 035 $a(MiAaPQ)EBC438569 035 $a(Au-PeEL)EBL438569 035 $a(CaPaEBR)ebr10273836 035 $a(CaONFJC)MIL941543 035 $a(EXLCZ)991000000000707580 100 $a20080710d2009 uy 0 101 0 $aeng 135 $aur|n|---||||| 181 $ctxt 182 $cc 183 $acr 200 10$aNarrative-based practice$b[electronic resource] /$fby Peter Brophy 210 $aAldershot, Hants, England ;$aBurlington, VT $cAshgate Pub.$d2009 215 $a1 online resource (198 p.) 300 $aDescription based upon print version of record. 311 $a0-7546-7159-3 320 $aIncludes bibliographical references and index. 327 $aCover; Contents; List of Figures; Preface; 1 Evidence-based Practice; 2 Theorectical Background; 3 The Nature of Narrative; 4 Learning; 5 Knowledge and Knowledge Management; 6 Narrative in Virtual Worlds; 7 Narrative in Organisations; 8 Narrative-based Practice; Appendix 1 Telling the Story; Appendix 2 The History of the Future: Storytelling in Team Building and Forward Planning; Appendix 3 'I, the Customer': Using Storytelling to Reach Understanding of Customer Experiences; Bibliography; Index 330 $aIn this important new book Peter Brophy introduces and explains the concept of story-telling or narrative-based practice in teaching, research, professional practice and organizations. This book will be essential reading for professionals, scholars and students in the many disciplines currently using evidence-based practice, such as information management, health, social policy, librarianship and general management. 606 $aDiscourse analysis, Narrative$xSocial aspects 606 $aNarration (Rhetoric)$xSocial aspects 606 $aStorytelling 608 $aElectronic books. 615 0$aDiscourse analysis, Narrative$xSocial aspects. 615 0$aNarration (Rhetoric)$xSocial aspects. 615 0$aStorytelling. 676 $a001.42 676 $a306.44 700 $aBrophy$b Peter$f1950-$0715550 801 0$bMiAaPQ 801 1$bMiAaPQ 801 2$bMiAaPQ 906 $aBOOK 912 $a9910454553803321 996 $aNarrative-based practice$92100499 997 $aUNINA LEADER 02786nam 22004693a 450 001 9910346829303321 005 20250203232819.0 010 $a9783748902478 035 $a(CKB)4920000000095323 035 $a(oapen)https://directory.doabooks.org/handle/20.500.12854/39802 035 $a(ScCtBLL)9734d7b7-f54d-425f-937f-7b84d6c46c5b 035 $a(OCoLC)1126128175 035 $a(oapen)doab39802 035 $a(EXLCZ)994920000000095323 100 $a20250203i20062019 uu 101 0 $ager 135 $aurmn|---annan 181 $ctxt$2rdacontent 182 $cc$2rdamedia 183 $acr$2rdacarrier 200 00$a"Frei und sozial" als Rechtsprinzip$fJoachim Rückert 205 $a1 ed. 210 $cNomos Verlagsgesellschaft mbH & Co. KG$d2006 210 1$aBaden-Baden :$cNomos Verlagsgesellschaft mbH & Co. KG,$d2006. 215 $a1 online resource (1 p.) 225 1 $aWürzburger Vorträge zur Rechtsphilosophie, Rechtstheorie und Rechtssoziologie 311 08$a9783832920104 311 08$a3832920102 311 08$a9783748902478 311 08$a3748902476 330 $a Der Essay verbindet Philosophie, Geschichte und Jurisprudenz, um eine zentrale Aufgabe zu lösen: Wie lässt sich Gerechtigkeit in unserer neuzeitlich modernen Welt ermöglichen? Eine sehr praktische theoretische Frage. Ein Rechtsprinzip allein muss das Gebäude der Gerechtigkeit tragen. Denn ohne Prinzipien, also allgemeine Regeln, lässt sich keine transparente Gleichbehandlung herstellen. Und es muss ein Prinzip genügen, da sonst juristisches Ping-Pong entsteht, genannt Abwägung. Abwägungsgerechtigkeit aber kann man nur fühlen. Seit gut 200 Jahren - Rousseau war der erste Wortführer - ist man sich einig, dass Freiheit der entscheidende Motor der Moderne ist, auch normativ. Ebenso einig ist man sich, dass ein soziales Element hinzukommen muss, ganz abgesehen von der caritas für die nicht Freiheitsfähigen. »Frei und sozial« also - aber wie als ein Prinzip, da doch beides meist als unvereinbar gilt? Das Prinzip Freiheit kann sehr wohl ein soziales Element tragen. Um der individuellen Freiheitsvoraussetzungen willen können und müssen die gemeinsamen Freiheiten ?sozial? abgestimmt und begrenzt werden. Denn emanzipatorische Förderung gehört zum Freiheitsprinzip. Dieser Grundgedanke wird an den Vorgaben der Klassiker und den historischen Erfahrungen überprüft. 606 $aBusiness & Economics$2bisacsh 606 $aEconomics 615 7$aBusiness & Economics 615 0$aEconomics. 700 $aRückert$b Joachim$0408330 801 0$bScCtBLL 801 1$bScCtBLL 906 $aBOOK 912 $a9910346829303321 996 $a"Frei und sozial" als Rechtsprinzip$92860732 997 $aUNINA